| 000 | 00544nam a2200157Ia 4500 | ||
|---|---|---|---|
| 008 | 170224s9999 xx 000 0 und d | ||
| 100 | _aVen-Hwei Lo, Ran Wei | ||
| 245 | _aTheoretical and methodological patterns of third-person effect research: a comparative thematic analysis of Asia and the world | ||
| 245 | _cVen-Hwei Lo, Ran Wei, Xiao Zhang & Lei Guo | ||
| 260 | _bAsian Journal of Communication | ||
| 260 | _c2016 | ||
| 300 | _a26:6,Pages: 583-604 | ||
| 500 | _a2016 | ||
| 650 | _xCommunication Arts | ||
| 650 | _xMultimedia Arts | ||
| 999 |
_c316302 _d316302 |
||